Top 5 państw według danej kategorii #2 - Statystyki

Ogólne statystyki
  • Ten quiz został rozwiązany 11 631 razy
  • Średni wynik to 31 z 55
Statystyki odpowiedzi
Państwo % Poprawnych
Stany Zjednoczone
99%
Rosja
97%
Chiny
95%
Niemcy
95%
Francja
92%
Watykan
91%
Brazylia
90%
Wielka Brytania
89%
Kanada
87%
Japonia
85%
Arabia Saudyjska
84%
Indie
84%
Włochy
83%
Argentyna
81%
San Marino
80%
Monako
79%
Szwecja
72%
Iran
69%
Irak
67%
Liechtenstein
67%
Nepal
67%
Zjednoczone Emiraty Arabskie
66%
Andora
65%
Holandia
64%
Katar
61%
Czechy
57%
Niger
55%
Pakistan
55%
Belgia
53%
Szwajcaria
53%
Luksemburg
52%
Nigeria
51%
Bhutan
49%
Izrael
49%
Urugwaj
48%
Kuwejt
47%
Austria
46%
Korea Północna
46%
Wenezuela
44%
Grecja
41%
Syria
40%
Litwa
39%
Nauru
39%
Islandia
36%
Tuvalu
33%
Jordania
28%
Filipiny
24%
Mali
23%
Związek Radziecki
22%
Mołdawia
19%
Uganda
17%
Saint Lucia
13%
Zambia
11%
Dżibuti
9%
Malawi
9%
Nie znaleziono quizów pasujących do podanych kryteriów
Rozkład punktacji
Procent ludzi z każdym wynikiem
Percentyl według liczby udzielonych odpowiedzi
Twoja historia wyników
Nie rozwiązałeś tego quizu